| 000 | 005500000a22001810004500 | ||
|---|---|---|---|
| 003 | MACL | ||
| 005 | 20160610152403.0 | ||
| 008 | 160610b xxu||||| |||| 00| 0 eng d | ||
| 040 |
_aMACL _cMACL |
||
| 041 | _aHindi | ||
| 082 | _a891.433 | ||
| 100 |
_aमुदगल, चित्रा _954834 |
||
| 245 |
_aकेंचुल _cचित्रा मुदगल |
||
| 260 |
_bसत्साहित्य प्रकाशन _c2001 _aदिल्ली |
||
| 350 | _a150 | ||
| 650 |
_aStories _963920 |
||
| 942 |
_cHIN _k891.433 _2ddc |
||
| 999 |
_c29632 _d29632 |
||